[Event "Pamplona 0102"]
[Site "Pamplona"]
[Date "2001.12.29"]
[Round "4"]
[White "Bologan, Viktor"]
[Black "Leitao, Rafael Duailibe"]
[Result "1-0"]
[WhiteElo "2668"]
[BlackElo "2581"]
[Annotator "Bologan,V"]
[PlyCount "135"]
[EventDate "2001.12.27"]
[EventType "tourn"]
[EventRounds "9"]
[EventCountry "ESP"]
[EventCategory "14"]
[SourceTitle "CBM 087"]
[Source "ChessBase"]
[SourceDate "2002.03.21"]
[SourceVersion "1"]
[SourceVersionDate "2002.03.21"]
[SourceQuality "1"]

1. e4 c5 2. Nf3 Nc6 3. Bb5 d6 4. Bxc6+ bxc6 5. O-O Bg4 6. d3 e5 7. Nbd2 Nf6 8.
h3 Bh5 9. c3 Be7 10. Qa4 Qc7 11. d4 $5 $146 (11. Re1) 11... exd4 (11... Bxf3
12. Nxf3 Nxe4 (12... cxd4 13. cxd4 Nxe4 14. Re1 f5 (14... d5 15. Nxe5) 15. dxe5
dxe5 16. Be3 O-O 17. Rac1 c5 18. Qc4+ Kh8 19. b4 $14) 13. dxe5 d5 14. c4 {!}
O-O 15. Bf4 Rab8 16. Qc2 $14) 12. cxd4 Nd7 $1 (12... cxd4 13. Nxd4 Rc8 14. b3
O-O 15. Bb2 $14) 13. b3 $5 (13. dxc5 Nxc5 14. Qc4 O-O 15. b3 Bg6 16. Bb2 Rfe8
17. Rfe1 a5 $13) 13... a5 14. Bb2 O-O (14... Nb6 15. Qa3 a4 16. dxc5 dxc5 17.
Bxg7) 15. Rac1 Rfe8 {=} 16. Rfe1 $6 (16. dxc5 Nxc5 17. Qc4 $13) 16... Bf8 (
16... Nb6 $5 17. Qa3 a4 18. dxc5 dxc5 19. Be5 Qb7 20. Qb2 f6 21. Bc3 axb3 22.
axb3 c4 $1 23. Qc2 cxb3 24. Qxb3+ Bf7 25. Qd1 Na4) 17. Qc4 Qb7 18. Qc2 a4 19.
Nh4 $1 axb3 20. axb3 f6 $6 (20... d5 21. g4 Bg6 22. Nxg6 hxg6 23. exd5 cxd5 24.
dxc5 Bxc5 25. Qc3 Rxe1+ 26. Rxe1 $11) 21. e5 {!} dxe5 (21... cxd4 {!} 22. exf6
Nxf6 23. Bxd4 Rxe1+ 24. Rxe1 Nd5 25. Ndf3 $130) (21... fxe5 22. dxe5 dxe5 23.
Ne4 $44) 22. dxe5 Nxe5 23. Bxe5 fxe5 24. Ne4 $14 h6 25. Nxc5 Bxc5 26. Qxc5 Qxb3
27. Nf5 Qe6 (27... Kh7 28. Ne7 Ra2 29. Rxe5 Qb2 30. Qe3 $16) 28. Nd4 Qf7 29.
Nxc6 e4 30. Ne5 Qf5 (30... Qe6 31. Rxe4 Rac8 32. Qe3 Rxc1+ 33. Qxc1 $16) 31.
Qc4+ Kh7 32. Qxe4 Qxe4 33. Rxe4 $16 Re7 $138 34. Rc5 Ra2 35. g4 Be8 36. Kg2 Ra6
37. Kg3 g6 $1 (37... g5 38. h4 gxh4+ 39. Kxh4 {/\ ' f4-f5'}) 38. Re3 Kg7 39. f4
Ra1 40. f5 {?} (40. Rd3 $16) 40... gxf5 $2 (40... h5 {!} 41. Rf3 (41. Rd3 hxg4
42. hxg4 gxf5 43. gxf5 Rea7 44. Rc8 Bh5 $14) 41... gxf5 42. gxf5 Kf6 $14) 41.
gxf5 Rf1 42. Rf3 Rxf3+ 43. Kxf3 Ra7 44. Kf4 Ra4+ 45. Rc4 Ra7 (45... Rxc4+ 46.
Nxc4 Kf6 47. Nd6 Bd7 48. Ne4+ Kf7 49. Ke5 Ba4 50. Nf6 Bc2 51. Ng4 h5 (51... Kg7
52. Ke6) 52. Nf6 h4 53. Ne4 Bd3 54. Ng5+ $18) 46. Rb4 Bf7 47. Rd4 Be8 48. Nc4
$1 Bf7 49. Nd6 Kf6 50. Ne4+ Kg7 51. h4 Rb7 52. Ra4 Rc7 53. Nd6 Rd7 54. Ra6 Kf6
55. Nc4+ Kg7 56. f6+ Kh7 57. Ne5 $18 Rb7 58. Kf5 Bb3 59. Rc6 Ba2 60. Rc8 Ra7 $2
(60... Bb1+ 61. Ke6 Ba2+ 62. Kf5 (62. Kd6 {?} Rb6+ 63. Rc6 Rxc6+ 64. Kxc6 (64.
Nxc6 Kg6 65. Ke7 Kf5 (65... Kh5 66. Nd4 Bg8 67. Nf5 Kg6 68. Ng7 h5 69. Ne6 Kf5
70. Nf8 $18) 66. Nd4+ (66. Nd8 h5 {!} 67. Nf7 Kg4 68. Ng5 Bg8) 66... Ke5 (66...
Kg4 67. Ne6) 67. Nc2 (67. Nf3+ Kf4 68. f7 Bxf7 69. Kxf7 Kxf3 70. Kg6 Ke4 71.
Kxh6 Kf5 {=}) 67... Kf4 (67... Kf5 68. Ne1 Kg6 69. Nd3) 68. Nb4 Bg8 (68... Bb3
69. Nd3+ Kg4 70. Nc5 Bg8 71. Kf8 Bc4 72. Kg7)) 64... Kg8 65. Kd6 Kf8 $14) 62...
Bb1+ 63. Kf4 Rb4+ 64. Ke3 Re4+ 65. Kd2 Rxe5 66. f7 Rf5 67. f8=Q Rxf8 68. Rxf8
$18) 61. Re8 Bb1+ 62. Kf4 Ra4+ 63. Kg3 Ra3+ 64. Kf2 Ra2+ 65. Ke1 Ra5 66. Re7+
Kh8 67. Kd2 Ra8 68. Rg7 1-0

[Event "Comtois Masters 5th"]
[Site "Belfort"]
[Date "2002.07.02"]
[Round "5"]
[White "Degraeve, Jean Marc"]
[Black "Bologan, Viktor"]
[Result "0-1"]
[WhiteElo "2595"]
[BlackElo "2652"]
[Annotator "Bologan,V"]
[PlyCount "112"]
[EventDate "2002.06.27"]
[EventType "tourn"]
[EventRounds "10"]
[EventCountry "FRA"]
[EventCategory "14"]
[SourceTitle "CBM 090"]
[Source "ChessBase"]
[SourceDate "2002.09.20"]
[SourceVersion "1"]
[SourceVersionDate "2002.09.20"]
[SourceQuality "1"]

1. e4 {Psakhis} c5 2. Nf3 d6 3. Bb5+ Nd7 {The continuation which allows black
to have his chances in the fight for the initiative. The minus of this move is
the temporary give up in fighting for central squares.} 4. d4 cxd4 5. Qxd4 a6
6. Bxd7+ Bxd7 7. Nc3 (7. c4 {is also possible but after e5 followed by h6, Nf6
black fills comfortable.}) 7... Rc8 $5 {Already at this point I had in mind
the idea with e5 and g5. So I started to look for the useful moves and Rc8 was
one. Psakhis: 'Rare move. Bologan preferes to postpone development of the
knight for 1-2 moves.'} 8. Bg5 {Technicaly this is a novelty but of course the
move is the most apropriate one.} (8. O-O e5 9. Qd3 h6 {is the last fashion
continuation.}) 8... h6 9. Bh4 e5 $1 {The simple tactical background allows
black to exclude white's bishop from the competition for the square d5.} 10.
Qd3 (10. Qa7 g5 11. Bg3 Bc6) 10... g5 {'!?' Psakhis. Psakhis: 'Victor plays
this game in very sharp way. Black creates numerous weaknesses, from other
point of view, white's bishop will be out of action for a long time.'} 11. Bg3
Nf6 12. h4 Rg8 {Necessary. Otherwise white would activate his bishop.} (12...
g4 $6 13. Nd2 {/\ h5, Bh4}) 13. hxg5 hxg5 14. O-O-O Qc7 {During the game I had
to come down my overoptimism on this position. Both active continuations would
lead black in trouble.} (14... Rxc3 $6 {The most tempting sac. I spend enough
time on it but the weakened position of the black king convinced me to obtain
from it.} 15. Qxc3 Nxe4 16. Qd3 Bf5 (16... Nxg3 17. fxg3 {/\ Nd2-e4}) 17. Rhe1
g4 (17... Nxg3 18. Rxe5+ Be7 19. Rxf5 Nxf5 20. Qxf5 $16) 18. Rxe4 Bxe4 19. Qxe4
gxf3 20. Qxb7 fxg2 21. Qxg2 $16) (14... Qa5 {With more or less the same idea
gets under a tempo maneuvre of the knight on f3.} 15. Nd2 Be6 16. Nb3 Bxb3 17.
axb3 Qa1+ 18. Nb1 $14 {And black's attack is out of fuel.}) 15. Kb1 b5 16. Rhe1
$5 {I've played many times against Jean-Mark and he proved to be a good
tactician player. At the same time when he is in a good mood his style is very
close to the Michael Adams one. In this game I was completely positionaly
outplayed and it started with the move 17.Rhe1. Now white is speculating with
various sacrifices in the center.} (16. Nd2 b4 17. Nd5 Nxd5 18. exd5 f5 19. f3
g4 $15) 16... b4 {The complicate way. If I would think on equalizing I would
choose} (16... Qc4 17. Qxc4 Rxc4 18. Nd2 Rc7 19. a3 Bc6 20. Nb3 Rh8 21. f3 g4
22. Rh1 Rxh1 23. Rxh1 Bg7 {=}) 17. Nd5 Nxd5 18. exd5 f6 {Strange position.
Black got everything a Sicilian player can wish: a pair of two bishops, the
better pawn structure, except one little thing: the bad position of the black
king. Which actualy makes the game with equal chances for both sides. Also
black has to show a bit of care.} (18... f5 19. Nxe5 dxe5 20. Bxe5 (20. Rxe5+
Kd8 21. Re8+ Kxe8 22. Bxc7 Rxc7 23. Qxa6 $16) 20... Qb7 21. Qh3 {!}) (18... Qc4
19. Nxe5 dxe5 20. Bxe5 Qxd3 21. Bf6+ $16) 19. Nd2 f5 {I didn't the white
knight to jump on e4.} 20. f3 Rg7 {Too artificial and slow. I wanted to
protect the f5 pawn and after that to play Bb5 with attack on the queenside.
But paradoxaly black should start his play first on the kingside.} (20... g4 $1
21. Bf2 gxf3 22. gxf3 Rg2 23. Be3 a5 24. Rg1 Rxg1 25. Rxg1 a4 26. Rg8 Ke7 27.
Rh8 a3 28. b3 Qc3) 21. Rc1 $1 {/\ c3 Psakhis: 'White wants to open second
front on the queen's side.'} Qb7 22. Nc4 Rc5 $2 {Too optimistic. Both 22...g4
and 22...Bb5 were possible.} (22... g4 $5 23. Nxe5 dxe5 24. Bxe5 Rg8 25. c4
bxc3 26. Bxc3+ Kf7 27. Re5 Rg5 28. fxg4 Bg7 29. Qe3 Bxe5 30. Qxe5 Rxc3 31. Rxc3
Qb5 $11) (22... Bb5 23. b3 f4 24. Bf2 g4 $13) 23. Rcd1 Kf7 $6 {Black is
already in trouble, still Kf7 makes the things even worse for him. On} (23...
Bb5 24. b3 Bxc4 25. bxc4 Qc8 {White could go for an interesting piece sac.} 26.
Bxe5 dxe5 27. Rxe5+ Kd8 28. Rxf5 Bd6 29. Rf6 Qd7 30. Rh1 Re7 31. Kc1 Bf4+ 32.
Kd1 $44) 24. Bf2 Rb5 25. Rh1 $1 {This move I didn't like at all.} Rg6 (25...
Qc7 26. Rh8 Rg8 27. Rxg8 Kxg8 28. g4 $1) 26. Ne3 (26. g4 $5) 26... Qc8 27. g4
$1 {That's what I meaned when I said that the French grandmaster completely
outplayed me. Maybe my position is even hopeless.} f4 28. Nc4 Qb7 29. b3 a5 30.
Rh8 {Black cannot hold against the Rxf8 threat, he has to give the rook the
green for the eigth rank.} Bg7 31. Rd8 {/\ Nb6} Qc7 32. Ra8 Rh6 33. Ra7 Rb7 34.
Rxa5 {Psakhis: 'At this moment Degraeve missed the simple'} (34. Bb6 $142 $1 {
Psakhis} Qb8 35. Rxb7 Qxb7 36. Bxa5 $18 {[%csl Rb4,Rd6,Rg5] and Black can't
protect all weak pawns}) 34... Bf6 35. Ra6 $18 {Without pushing very hard
Degraeve won a pawn maintaning his huge positional edge. My only chance was
his timetrouble and one Trap!} Bb5 36. Nxd6+ $2 {time Tempting and bad. There
were at least two easy wins for white.} (36. Rc6 Bxc6 37. dxc6 Qxc6 38. Nxd6+
$18) (36. Rxd6 Bxc4 37. Rxf6+ Rxf6 38. bxc4 $18) 36... Qxd6 37. Qxb5 Rxb5 38.
Rxd6 Rh3 {here is the point of the trap. White can't play now Rd3 in a view of
the weak first rank.} 39. Rb6 (39. Rd3 Rh1+ 40. Kb2 Bh8 41. Rd8 Bf6 {=}) 39...
Rxb6 40. Bxb6 Rxf3 41. d6 {here finnished the timetrouble and my first thought
was that at least I won't loose.} e4 42. d7 e3 43. Re1 {Of course not} (43.
d8=Q Bxd8 44. Rd7+ Kg6 45. Rd6+ Bf6 46. Bd4 e2 $19) (43. Kc1 {would probably
lead to a draw result but not without suffering.} e2 44. Re1 Rf1 45. Kd2 f3 46.
d8=Q Bxd8 47. Bxd8 f2 48. Rxe2 Rd1+ 49. Kxd1 f1=Q+ 50. Kd2 Qf4+ 51. Ke1 Qxg4
$15) 43... Rg3 $5 {playing for a win. I didn't believe in a previously
mentioned line.} (43... e2 44. Kc1 {- 43.Kc1}) 44. d8=Q {'?!' Psakhis.} (44. c3
$5 {Psakhis} bxc3 (44... Rxg4 {Psakhis} 45. cxb4 {[%csl Gb4]}) 45. d8=Q Bxd8
46. Bxd8 Rxg4 47. Bb6 {[%cal Gb6e3]}) 44... Bxd8 45. Bxd8 Rxg4 46. Bb6 $1 {
White is obliged to keep the e3 pawn as a target.} Rg3 47. Bc5 $6 {Is not
loosing yet, but is clear waist of time. There is no any threat to b4 pawn so
better was to go for eliberating c3 immediately.} (47. c3 bxc3 48. Kc2 Rg2+ 49.
Kxc3 Rxa2 (49... e2 50. a4 f3 51. a5 g4 52. a6 g3 53. Kd2 f2 54. a7) 50. Bxe3 {
=}) 47... Rh3 (47... Rf3 48. c3 bxc3 49. Kc2 g4 50. Kxc3 g3 51. Kd3 g2 52. Rg1
Rf2 53. a4 Ke6 54. Ke4 $16) 48. Kb2 $4 {'?!' Psakhis. Already here c3 was
forced. It looked very common for Jean-Mark in this tournament to miss his
chances at the end of the game.} (48. Kc1 g4 49. Rf1 Rf3 50. Rxf3 gxf3 51. Kd1
f2 52. Ke2 Kg6 53. Bxb4 Kf5 54. Bd6 Kg4 55. b4 Kg3 56. Kf1 Kf3 $19) (48. c3 $7
bxc3 49. Kc2 g4 50. Kd3 Ke6 51. a4 g3 52. Ke4 Rh5 53. Bb6 Rh4 54. Kf3 (54. a5
g2 55. Rg1 c2 $19) 54... Kf5 55. Bxe3 fxe3 56. Rxe3 c2 57. Rc3 Rb4 {=}) (48.
Bxb4 $5 {(Psakhis) was a better choice, for example} g4 49. Bc5 Ke6 (49... g3 {
Psakhis} 50. Kb2 (50. Bxe3 {Psakhis} fxe3 51. Rxe3 g2 52. Rxh3 g1=Q+ 53. Kb2
Qd4+ 54. Kb1 $11) 50... g2 51. Rg1 e2 52. Kc1 $18) 50. c4 Ke5 51. a4 Ke4 52. a5
g3 53. a6 g2 54. a7 Rh8 $132) 48... g4 $19 {now the pawns are unstopable.} 49.
a3 {'?' Psakhis. Psakhis: 'Last mistake. Good or bad, but White had to play'} (
49. Bd6 f3) (49. Rf1 $8 {(Psakhis) with possible continuation} Rf3 50. Rg1 g3
51. Bxb4 e2 52. a4 Rf1 53. Rg2 Rf2 (53... e1=Q $145 $1) 54. Rg1 g2 55. a5 f3
56. a6 Rf1 57. a7 f2 58. a8=Q fxg1=Q 59. Qf8+ Kg6 60. Qd6+ Kf5 61. Qd5+ $11)
49... bxa3+ 50. Kxa3 Ke6 51. Kb4 Kd5 52. Rd1+ Ke4 53. Rd4+ Kf3 54. Kc3 (54. Bd6
e2 55. Rxf4+ Ke3 $19) 54... g3 55. Bd6 Rh4 56. Rd1 g2 0-1

[Event "Poikovsky Karpov 04th"]
[Site "Poikovsky"]
[Date "2003.04.23"]
[Round "4"]
[White "Rublevsky, Sergei"]
[Black "Bologan, Viktor"]
[Result "1/2-1/2"]
[WhiteElo "2670"]
[BlackElo "2663"]
[Annotator "Bologan,V"]
[PlyCount "70"]
[EventDate "2003.04.20"]
[EventType "tourn"]
[EventRounds "9"]
[EventCountry "RUS"]
[EventCategory "16"]
[SourceTitle "CBM 095"]
[Source "ChessBase"]
[SourceDate "2003.07.25"]
[SourceVersion "1"]
[SourceVersionDate "2003.07.25"]
[SourceQuality "1"]

1. e4 c5 2. Nf3 d6 3. Bb5+ Nd7 4. d4 Ngf6 5. O-O cxd4 6. Qxd4 a6 7. Bxd7+ Bxd7
8. Bg5 e6 {Twelve years ago Kasparov went for the second bishop, which finally
turned out against him. The two Ivanchuk's knights dominated the game.} (8...
h6 9. Bxf6 gxf6 10. c4 e6 11. Nc3 Rc8 12. Kh1 h5 13. a4 h4 14. h3 Be7 15. b4 a5
16. b5 Qc7 17. Nd2 Qc5 18. Qd3 $16 {Ivanchuk Vassily(2735) - Kasparov Gary
(2770), Linares 1991 It (cat.17)}) 9. Nbd2 (9. Rd1 Bc6) 9... Bc6 $1 {The
novelty which was prepared as a result of researches for the white side. Also
it was quite sure that my opponent won't avoid the 3.Bb5+ line. So I could
spend some on my before game preparation of this position.} 10. Nc4 {In case of
} (10. Bxf6 Qxf6 11. Qxf6 gxf6 12. Nd4 Bh6 $11 {the ending is favourable for
black}) 10... b5 {Actualy here is the point of the previous black's move.
Black doesn't let white to create a comfortable pressure on his position. Now
White is forced to go for exchanges which will occure as good for black.} (
10... Bxe4 $5 11. Bxf6 Qxf6 12. Qxe4 d5 13. Qe2 dxc4 14. Qxc4 Bd6 15. Rad1 Rd8
16. Qa4+ Ke7 17. Qe4 Rd7 18. Rd4 $14) 11. Bxf6 {Another attempt was} (11. e5
dxe5 (11... bxc4 12. exf6 g6 13. Nd2 h6 14. Bf4 d5 15. Nf3 $16) 12. Ncxe5 Qxd4
13. Nxd4 Bd5 $11) 11... Qxf6 {Of course not} (11... gxf6 $6 {which after} 12.
Ne3 $14 {will bring white an edge. See the notes to the 8-th move.}) 12. Nxd6+
Bxd6 13. Qxd6 (13. e5 Bxe5 14. Nxe5 Bd5 $11) 13... Bxe4 {The material is equal
black even has a better bishop, so the only problem left is the king. Here
Serguei took an absolutely corect decision by letting me to spoil his pawn
structure on the kingside as a compensation receiving a long run pressure on
my unrocked king.} 14. Rfd1 {!} (14. Ne5 Qe7 15. Rfd1 (15. Qxe7+ Kxe7 $15)
15... Qxd6 16. Rxd6 Bxc2 17. Rc1 Bg6 18. Rcc6 a5 {=}) 14... Rd8 $1 {After the
game I still had an illusion that} (14... Bxf3 $2 {was good enough for a draw.
But my intuition didn't betray me.} 15. gxf3 Qxf3 16. Qd7+ Kf8 17. Qd6+ Ke8 (
17... Kg8 18. Qd8+ Rxd8 19. Rxd8#) 18. Rd3 Qb7 (18... Qg4+ 19. Rg3 Qe4 20. Rd1
g6 21. Rc3 $18) 19. Re1 Qc8 20. Re5 $40 {And white achieves a decisive attack.}
) 15. Qa3 $1 {The only chance to continue the fight. After} (15. Qxd8+ Qxd8 16.
Rxd8+ Kxd8 $15 {black is better, or}) (15. Qxa6 O-O 16. Rxd8 Rxd8 17. Qxb5 Bxf3
18. gxf3 Qxf3 19. Qb3 Qg4+ 20. Qg3 Qe2) 15... Bb7 {A bit risky but possible was
} (15... Rxd1+ $5 16. Rxd1 Bxf3 17. gxf3 Qg6+ 18. Kh1 Qxc2 19. Qd6 Qc8 20. Rd3
a5 21. Rc3 Qd8 22. Qc6+ Ke7 23. Qxb5 Qd5 $13 {=}) 16. c4 $1 {Now white is
trying to create some weaknesses on the queenside.} Bxf3 17. gxf3 Qg5+ {
Important intermediate check. From here black's queen will control the
imporatnt b5 square.} 18. Kh1 bxc4 {Black's king is still unsecure but he is
already a pawn up and there is no straight way for white's attack.} 19. Qxa6 (
19. Qa4+ Qb5 20. Rxd8+ Kxd8 21. Rd1+ Kc7 22. Qa3 Kb8 $13) 19... O-O 20. Qxc4 {
Now already white is pawn up but the situation it's just opposite to the
previous one, black has compensation.} Rd2 $1 21. Qc3 $5 {Rublevsky goes for
the interesting exchange combination after which he planned to profite of his
better queene against two rooks and uncovered king.} (21. f4 Qd8 (21... Rxd1+ {
!?} 22. Rxd1 Qg4 23. Rd3 Qe2) 22. Qc1 Rxd1+ 23. Qxd1 Qb8) 21... Rxf2 22. Rg1
Qh6 23. Rxg7+ {!} Qxg7 24. Rg1 Qg6 $1 {That's what my opponent missed. Now the
pawn g6 will defend the king. Much worse was} (24... Qxg1+ 25. Kxg1 Re2 26. Qc4
Re1+ 27. Kf2 Ra1 28. Qg4+ Kh8 29. Qb4 Ra8 30. a3 $16) 25. h4 $5 (25. Rxg6+ hxg6
26. Kg1 Re2 27. Kf1 {!} Rxh2 28. Kg1 Rh4 29. b4 Rb8 30. a3 {=}) 25... Rd8 (
25... h5 26. Qf6) 26. h5 Qxg1+ 27. Kxg1 Re2 28. Kf1 Rh2 29. Kg1 $1 {The
subtless of the game. White forces the rook to leave the second rank after
which he is ok.} Rxh5 30. a4 Ra8 31. Qc6 Rha5 32. b3 {That's exactly the
position when neither of the opponents can not progress. In a few moves we
agreed to draw.} h5 33. Kf2 Kg7 34. Qc3+ Kg6 35. Qc2+ Kg7 1/2-1/2

[Event "Porz Citroen-Cup"]
[Site "Cologne"]
[Date "1993.??.??"]
[Round "2"]
[White "Watson, William N"]
[Black "Kharlov, Andrei"]
[Result "1/2-1/2"]
[WhiteElo "2550"]
[BlackElo "2535"]
[Annotator "Bulletin"]
[PlyCount "47"]
[EventDate "1993.??.??"]
[EventType "tourn"]
[EventRounds "9"]
[EventCountry "GER"]
[EventCategory "9"]
[SourceTitle "EXT 1999"]
[Source "ChessBase"]
[SourceDate "1998.11.16"]
[SourceVersion "1"]
[SourceVersionDate "1998.11.16"]
[SourceQuality "1"]

1. e4 c5 2. Nf3 Nc6 3. Bb5 d6 4. O-O Bd7 5. c3 Nf6 6. Re1 a6 7. Ba4 $5 (7. Bf1)
7... b5 (7... c4) 8. Bc2 Bg4 9. h3 (9. d3 {Dolmatov-Kharlov, 1992}) 9... Bxf3
10. Qxf3 g6 11. a4 $1 $36 Bg7 $5 (11... Rb8 12. axb5 axb5 13. Na3 {/\ Bg7 14.
Ng5!}) 12. axb5 axb5 {[#]} 13. e5 $1 (13. Rxa8 Qxa8 14. e5 dxe5 15. Rxe5 Nd7)
13... Rxa1 $8 14. exf6 Bxf6 (14... Ne5 15. Rxe5 dxe5 16. fxg7 $16) 15. Qxf6 O-O
16. Qf3 (16. Qh4 e5) 16... d5 (16... Qb6 $5) 17. d4 (17. d3 Qd6) 17... cxd4 18.
Bh6 Re8 19. Bb3 $1 e6 20. g3 b4 21. Kg2 (21. c4 $5 Na5 22. cxd5 Nxb3 23. Qxb3
e5) 21... dxc3 22. bxc3 {/\ 23.Bd5 Rb1 24.Bc6 Re1 25.Be8+/-} Na5 $1 23. Bxd5 (
23. cxb4 Nxb3 24. Qxb3 d4 25. b5 e5 26. b6 Re6 $1 $13) 23... Rxb1 $8 24. Rxb1
$138 (24. Bxe6 $5 fxe6 25. Rxb1 b3 $14) (24. Rxb1 Qxd5 25. Qxd5 exd5 26. cxb4
Rb8 27. Rd1 (27. Re1 Nc6 28. b5) 27... Nc6 $11) 1/2-1/2

[Event "POL-ch 52nd"]
[Site "Warsaw"]
[Date "1995.??.??"]
[Round "2"]
[White "Kuczynski, Robert"]
[Black "Grabarczyk, Bogdan"]
[Result "0-1"]
[WhiteElo "2510"]
[BlackElo "2375"]
[Annotator "Bulletin"]
[PlyCount "52"]
[EventDate "1995.02.11"]
[EventType "tourn"]
[EventRounds "17"]
[EventCountry "POL"]
[EventCategory "8"]
[SourceTitle "EXT 1999"]
[Source "ChessBase"]
[SourceDate "1998.11.16"]
[SourceVersion "1"]
[SourceVersionDate "1998.11.16"]
[SourceQuality "1"]

1. e4 c5 2. Nf3 d6 3. Bb5+ Nd7 4. O-O a6 5. Bxd7+ Bxd7 6. d4 cxd4 7. Qxd4 Nf6
8. Bg5 h6 9. Bxf6 gxf6 10. Nc3 e6 11. a4 Rc8 12. Nd2 Rg8 13. Nc4 Qc7 14. Ne3 (
14. Nb6 Qc5 15. Rfd1 Qxd4 16. Rxd4 Rc5 17. Nxd7 Kxd7 $11) 14... Be7 15. Rfe1
Qc5 16. Qd3 Kf8 17. f4 Bc6 18. Kh1 Bd8 19. Ned5 $2 f5 $1 (19... exd5 20. Qh3
Rc7 21. Qxh6+ Rg7 22. exd5 Bd7 23. Qh8+ Rg8 24. Qh6+ $11) 20. Qh3 $2 Kg7 21. b4
Qc4 22. Ne3 Qxb4 23. exf5 (23. Rab1 Qc5 24. exf5 Qxc3 25. fxe6 Qf6 26. exf7
Kxf7 27. Qxc8 Bb6 28. Qxg8+ Kxg8 29. Rxb6) 23... Qxc3 24. fxe6 Qf6 25. exf7
Kxf7 26. Qxc8 Bb6 $1 0-1

[Event "URS-ch46 First League"]
[Site "Ashkhabad"]
[Date "1978.??.??"]
[Round "17"]
[White "Timoscenko, Gennadij A"]
[Black "Kupreichik, Viktor D"]
[Result "1-0"]
[WhiteElo "2530"]
[BlackElo "2490"]
[Annotator "Bulletin"]
[PlyCount "79"]
[EventDate "1978.10.??"]
[EventType "tourn"]
[EventRounds "17"]
[EventCountry "URS"]
[EventCategory "10"]
[SourceTitle "MCL"]
[Source "ChessBase"]
[SourceDate "1999.07.01"]
[SourceVersion "1"]
[SourceVersionDate "1999.07.01"]
[SourceQuality "1"]

1. e4 c5 2. Nf3 d6 3. Bb5+ Nc6 4. O-O Bd7 5. Re1 Nf6 6. c3 a6 7. Bxc6 Bxc6 8.
d4 Bxe4 9. Bg5 Bd5 $5 (9... Bxb1) 10. Nbd2 e6 11. c4 Bxf3 12. Qxf3 cxd4 13.
Qxb7 Qc8 14. Qb6 Qc5 15. Qb7 Qc8 16. Qb6 Qc5 17. Qb7 Qa7 $2 (17... Qc8 $10) 18.
Qc6+ Kd8 19. Nb3 Rc8 (19... e5 20. Nxd4 (20. Rxe5 $1 dxe5 21. Bxf6+ gxf6 22.
Qxf6+ $16) 20... Rc8 $13) 20. Na5 Rc7 (20... Qc5 21. Nb7+ (21. Qxa6 $1 $16)
21... Ke7 $13) 21. Qf3 $1 $18 {/\ Nc6, /\Bf6} Ke8 22. Bxf6 gxf6 23. Qxf6 Rg8
24. Rxe6+ fxe6 25. Qxe6+ Re7 26. Qxg8 Qb6 27. Nb3 a5 28. Qd5 Re5 29. Qxd4 Qb4
30. Nd2 Bg7 31. Nf1 Re7 32. Qd3 Qxb2 33. Rb1 Qd4 34. Rb8+ Kf7 35. Qf5+ Qf6 36.
Qxh7 Re5 37. Rb7+ Kf8 38. Rb8+ Kf7 39. g3 a4 40. Ne3 1-0